| 000 | 00664nam a2200241 a 4500 | ||
|---|---|---|---|
| 001 | 85131 | ||
| 003 | BD-RjUL | ||
| 005 | 20250708102712.0 | ||
| 008 | 250708s1911 enk 000 1 eng | ||
| 035 | _a(BD-RjUL)85131 | ||
| 040 |
_aDLC _cAzU _dAzU _dDLC _dBD-RjUL _beng |
||
| 041 | _aeng | ||
| 082 |
_223 _a823 _bAPP 1911 |
||
| 100 | 1 |
_aApplin, Arthur, _d1883- _915910 |
|
| 245 | 1 | 4 |
_aThe pantomime girl / _cby Arthur Applin. |
| 260 |
_aLondon : _bEverett & Co. _c[1911?] |
||
| 300 |
_a318 p. _c19 cm. |
||
| 336 |
_atext _btxt _2rdacontent |
||
| 337 |
_aunmediated _bn _2rdamedia |
||
| 338 |
_avolume _bnc _2rdacarrier |
||
| 650 | _aEnglish Fiction | ||
| 942 |
_2ddc _cBK |
||
| 999 |
_c85131 _d85131 |
||